000 00655nam a22002057a 4500
999 _c442423
_d442423
003 UA-OsUOA
005 20191004100535.0
008 191004b un ||||| |||| 00| 0 ukr d
040 _aUA-OsUOA
_bukr
_cUA-OsUOA
_dUA-OsUOA
041 _aukr
080 _a821.161.2
090 _a821.161.2
_bВ75
100 _aВоронцов А.
245 _aПобедитель смерти
_bрассказы, повести
_cАндрей Воронцов ; послесл. А. Михайлов
260 _aМосква
_bМолодая гвардия
_c1989
300 _a238 с.
440 _aМолодые голоса
942 _2udc
_cBK
955 _a3